Statistics for Movies by Country Quiz #1

Click here to take the quiz!

General Stats

  • This quiz has been taken 50,450 times
    (13,599 since last reset)
  • The average score is 15 of 20

Answer Stats

MovieCountry% Correct
Billy Elliot | Mary PoppinsUnited Kingdom
97%
Robocop | Back to the FutureUnited States
97%
Spirited Away | GodzillaJapan
93%
Amélie | The IntouchablesFrance
91%
The Sound of Music | AmadeusAustria
90%
Mamma Mia! | 300Greece
89%
Spartacus | La Dolce VitaItaly
88%
The Darjeeling Limited |
Slumdog Millionaire
India
86%
Coco | Y Tu Mamá TambiénMexico
85%
Mad Max | BabeAustralia
80%
Rambo: First Blood Part II |
Apocalypse Now
Vietnam
74%
Enemy at the Gates | Dr. ZhivagoRussia
67%
The Beach | The Hangover Part IIThailand
66%
The Girl With The Dragon Tattoo |
The Seventh Seal
Sweden
65%
Invictus | District 9South Africa
62%
The Pianist | Three Colours: WhitePoland
60%
Cabaret | DownfallGermany
58%
Pan's Labyrinth | VolverSpain
57%
City of God | Fast FiveBrazil
54%
Angela's Ashes | My Left FootIreland
49%

Score Distribution

Percentile by Number Answered

Percent of People with Each Score

Your Score History

You have not taken this quiz since the last reset